History Quiz

Random History or Celebrity Quiz

Who by What, Where, When Quiz Stats

Quiz Updated Mar 4, 2015

Challenge
Share
Tweet
Embed
Score 0/24 Timer 06:00
1 Play Today
What. Where. When. Who % Correct
Released from prison. Paarl, South Africa. Feb. 11, 1990.Nelson Mandela
95.7%
Assassinated. Ford Theatre, Washington, DC. Apr. 14, 1865.Abraham Lincoln
95.7%
Refused to give up bus seat. Montgomery, AL. Dec. 1, 1955.Rosa Parks
91.2%
Sworn in as Prime Minister. Havana, Cuba. Feb. 16, 1959.Fidel Castro
89.2%
Died in car accident. Paris, France. August 31, 1997.Princess Diana
88.6%
Suffered wardrobe malfunction. Reliant Stadium, Houston, TX. Feb. 1, 2004.Janet Jackson
87.7%
Resigned. Oval Office, Washington, DC. Aug. 9, 1974.Richard Nixon
87.4%
Won fourth Green Jacket. Augusta National Golf Club, Augusta, GA. Apr. 10, 2005.Tiger Woods
85.4%
Bit opponent’s ear. MGM Grand Garden Arena, Las Vegas, NV. Jun. 28, 1997.Mike Tyson
83.6%
Severed portion of ear. Arles, France. Dec. 23, 1888.Vincent van Gogh
79%
Broke MLB color barrier. Ebbets Field, Brooklyn, NY. Apr. 15, 1947.Jackie Robinson
75.1%
Made final “Tonight Show” appearance. Burbank, CA. May 22, 1992.Johnny Carson
72.1%
What. Where. When. Who % Correct
Married seventh husband. Neverland Ranch, Santa Barbara, CA. Oct. 6, 1991.Elizabeth Taylor
64.2%
Completed transatlantic solo flight. Culmore, Northern Ireland. May 20, 1932.Amelia Earhart
60.2%
Vomited on Japanese Prime Minister. Tokyo, Japan. Jan. 8, 1992.George H.W. Bush
57.5%
Assassinated an assassin. Dallas, TX. Nov. 24, 1963.Jack Ruby
56.7%
Jumped 14 Greyhound buses. Kings Mills, OH. Oct. 15, 1975.Evel Knievel
56.7%
Set home run record. Fulton County Stadium, Atlanta, GA. Apr. 8, 1974.Hank Aaron
55%
Beheaded. Tower of London, London, England. May 19, 1536.Anne Boleyn
51.9%
Died from wounds in a duel. Greenwich Village, NY. Jul. 12, 1804.Alexander Hamilton
49.1%
Defeated Boris Spassky. Reykjavík, Iceland. Sep. 1, 1972.Bobby Fischer
45.8%
Jailed for homosexuality. London, England. May 25, 1895.Oscar Wilde
38.5%
Founded Motown Records. Detroit, MI. Jan. 12, 1959.Berry Gordy, Jr.
29.6%
Hit golf balls. Moon. Feb. 6, 1971.Alan Shepard
16%

You're not logged in!

Compare scores with friends on all Sporcle quizzes.
Sign Up with Email
OR
Log In

You Might Also Like...

Show Comments

Extras

Top Quizzes Today


Score Distribution

Your Account Isn't Verified!

In order to create a playlist on Sporcle, you need to verify the email address you used during registration. Go to your Sporcle Settings to finish the process.